Исследование фазовых превращений в системах: автореферат диссертации на соискание ученой степени кандидата химических наук

Bibliographic Details
Main Author: Кириченко А. Н. Алексей Николаевич
Language:Russian
Published: Москва, [Б. и.], 1999
Subjects:
Format: Book
KOHA link:https://koha.lib.tpu.ru/cgi-bin/koha/opac-detail.pl?biblionumber=22630

MARC

LEADER 00000nam0a2200000 4500
001 22630
005 20231101205511.0
035 |a (RuTPU)RU\TPU\book\22843 
035 |a BOOK00000607 
090 |a 22630 
100 |a 20011209d1999 k y0rusy50 ca 
101 0 |a rus 
102 |a RU 
105 |a y dm 000zy 
200 1 |a Исследование фазовых превращений в системах  |e автореферат диссертации на соискание ученой степени кандидата химических наук  |f А. Н. Кириченко 
210 |a Москва  |c [Б. и.]  |d 1999 
215 |a 17 с. 
606 1 |a Калий, соединения  |x Химия  |2 stltpush  |3 (RuTPU)RU\TPU\subj\75383  |9 87196 
606 1 |a Фазовые переходы  |x (химия)  |2 stltpush  |3 (RuTPU)RU\TPU\subj\68507  |9 83769 
610 1 |a неорганическая химия 
610 1 |a фосфаты 
610 1 |a ванадаты 
610 1 |a редкоземельные элементы 
610 1 |a щелочные элементы 
610 1 |a фазовые превращения 
610 1 |a исследование 
610 1 |a авторефераты диссертаций 
675 |a 546.32(04)  |v 3 
675 |a 544.344.01(04)  |v 3 
700 1 |a Кириченко  |b А. Н.  |g Алексей Николаевич 
801 0 |a RU  |b 63413507  |c 20011209  |g PSBO 
801 2 |a RU  |b 63413507  |c 20160421  |g PSBO 
942 |c BK